000 01704nam0a2200313 4500
001 RU\NLR\bibl\1264181
005 20250615132036.0
010 _a5-901487-27-3
_9200
021 _aRU
_b2008-50443
_92793
035 _a(NLR Aleph) 001250145
090 _a313846
_c313846
100 _a20080820d2006 |||y0rusy50 ca
101 0 _arus
102 _aRU
105 _aa |||||||||
200 1 _aОсновы организации уроков электротехники в начальных классах
_eпособие для студентов по специальности "Педагогика и методика начального образования"
_fГ.П. Калинина, С.Б. Шухардина
_gМ-во образования и науки Рос. Федерации, Гос. образоват. учреждение высш. проф. образования "Ур. гос. пед. ун-т"
210 _aЕкатеринбург
_cиздатель Калинина Г.П.
_d2006
215 _a134 с.
_cил.
_d20
320 _aБиблиогр.: с. 100-105 (71 назв.) и в подстроч. прим.
606 1 _aЭлектротехника
_jУчебные издания для высших учебных заведений
_xПреподавание
_xНачальная школа
_92524666
_3RU\NLR\auth\661495782
686 _aЧ426.88,01я73
700 1 _aКалинина
_bГ. П.
_gГалина Павловна
_4070
701 1 _aШухардина
_bС. Б.
_gСветлана Шухардина
_4070
801 0 _aRU
_bNLR
_c20080820
_gRCR
801 1 _aRU
_bNLR
_c20080820
830 _aавт. по кн.
942 _cBOOK
980 _aNB